000 00691nam a2200205Ia 4500
005 20241129110147.0
008 241129s9999||||xx |||||||||||||| ||und||
037 _aTB
040 _aARTS
_bpun
_cARTS
041 _apun
_2pun
084 _aR635x1,1 153R3
_qARTS
100 _aਸਿੰਘ, ਹਰਦੇਵ, ਚ।
245 0 _aਯੋਗ ਦਰਸ਼ਨ
_cਸਿੰਘ, ਹਰਦੇਵ, ਚ।
260 _aਅੰਮ੍ਰਿਤਸਰ, ਭਾਰਤ
_bਅੰਮ੍ਰਿਤਸਰ ਸਿੰਘ ਬ੍ਰਦਰਜ਼
_c2022
300 _a112ਪ੍ਰ0
365 _aINR
_b170
650 _aPhilosophyYoga
_9727439
942 _cTB
_hR635x1,1 153R3
999 _c1227542
_d1227542